Online
Catalog

Advenimiento,. (Record no. 8988)

MARC details
000 -CABECERA
campo de control de longitud fija 00672nam a2200205u 4500
001 - NÚMERO DE CONTROL
campo de control 000009225
005 - FECHA Y HORA DE LA ÚLTIMA TRANSACCIÓN
campo de control 20200929161525.0
008 - DATOS DE LONGITUD FIJA--INFORMACIÓN GENERAL
campo de control de longitud fija 810213s1947 ag 000 0 spa
010 ## - NÚMERO DE CONTROL DE LA BIBLIOTECA DEL CONGRESO
Número de control de LC 50033210
040 ## - FUENTE DE LA CATALOGACIÓN
Centro catalogador/agencia de origen DO-SdBNP
Centro/agencia transcriptor CarP
Centro/agencia modificador DLC
050 00 - SIGNATURA TOPOGRÁFICA DE LA BIBLIOTECA DEL CONGRESO
Número de clasificación PQ7797.C28
Número de documento/Ítem A65
100 1# - ENTRADA PRINCIPAL--NOMBRE DE PERSONA
Nombre de persona Capdevila, Arturo,
Fechas asociadas al nombre 1889- [from old catalog]
9 (RLIN) 23921
245 10 - MENCIÓN DE TÍTULO
Título Advenimiento,.
260 ## - PUBLICACIÓN, DISTRIBUCIÓN, ETC.
Lugar de publicación, distribución, etc. Buenos Aires, :
Nombre del editor, distribuidor, etc. Editorial Losada,
Fecha de publicación, distribución, etc. [1947].
300 ## - DESCRIPCIÓN FÍSICA
Extensión p. cm.
830 #0 - PUNTO DE ACCESO ADICIONAL DE SERIE-TÍTULO UNIFORME
Título uniforme Novelistas de Espanña y América. [from old catalog]
9 (RLIN) 23922
910 ## - DATOS DE OPCIÓN DEL USUARIO (OCLC)
Datos de opción del usuario Catalogación por copia / LC
906 ## - ELEMENTOS DE DATOS F LOCAL, LDF (RLIN)
a 0
b cbc
c premunv
d u
e ncip
f 19
g y-gencatlg
991 ## -
-- c-GenColl
-- PQ7797.C28
-- A65
-- Copy 1
-- PREM
Holdings
Estado de retiro Estado de pérdida Restricciones de uso No para préstamo Código de colección Localización permanente Ubicación/localización actual Ubicación en estantería Fecha de adquisición Número de inventario Total de préstamos Signatura topográfica completa Código de barras Fecha visto por última vez Precio válido a partir de Tipo de ítem Koha
    Préstamo interno   Monografías: Libros y Folletos General General En catalogación 28.09.2009 LF1   9225-10 25.06.2020 25.06.2020 Préstamo interno

Powered by Koha